| 000 | 00853cam a2200301 4500 | ||
|---|---|---|---|
| 008 | 090401t1998 xxu||||| |||| 00| 0 eng d | ||
| 020 | _a0860175022 | ||
| 035 | _a(Sirsi) u91934 | ||
| 041 | _aeng | ||
| 050 | _a614.7 | ||
| 100 | _aCoventry, Stuart | ||
| 245 | _aEnvironmental good practice on site. | ||
| 260 |
_aLondon _bCIRIA _c1998 |
||
| 300 | _a119p. : ill. ; 22cm. | ||
| 350 | _a20 | ||
| 490 |
_aCiria Publication _vC502 |
||
| 520 | _aSuperceded by 2nd ed (ISBN 0860176509) | ||
| 650 | _aCONSTRUCTION SITES | ||
| 650 |
_aContamination _96231 |
||
| 650 | _aPOLLUTION | ||
| 650 | _aSITE MANAGEMENT | ||
| 650 | _aWASTE CONTROL | ||
| 690 | _aENVIRONMENTAL AND LAND CONSULTANCY | ||
| 700 | _aWoolveridge, Claire | ||
| 710 |
_aConstruction Industry Research and Information Association _94810 |
||
| 942 | _n0 | ||
| 948 | _c10/03/1999 | ||
| 999 |
_c97693 _d97693 |
||